000 00647nam a22001937a 4500
999 _c176745
_d176745
005 20210122123224.0
010 _aENG-128816
020 _c335.00
_a978-81-8449-556-0
035 _aEN-112348
037 _bDBAD/PUB
082 _a485
100 _aSai Ram, A.
245 _aSmart English/
_bby A. Sai Ram and D. Mani
260 _aChennai
_bSura College of Competition
_c2018
270 _bChennai
_e600040
_a1620, J Block, 16th Main Road, Anna Nagar
_k044-26162173, 261161099
_menquiry@surabooks.com
300 _a408p.
_c25cm(pbk)
_bIncluding tables and illustrations.
700 _aMani, D.
942 _2ddc
_cEN
_h485
_mSAI